00565nam a2200133Ia 4500008004100000020002200041100003000063245009400093260004400187300002700231650003100258999001900289952012300308200918s9999 xx 000 0 und d a978-971-967-696-6 aRosales, Renato De Guzman cRenato de Guzman RosalesaJose Rizal:bpoeta novelista de la literatura hispano filipina/ aManila:bJimczyville Publicationsc2018 axiv, 172 pagesc23 cm. aRizal, Jose -- Philippines c364277d364277 001040aCLbCLcFILd2020-09-18eLibrary fundl0oDS 675.8.R5 .R788 2018pC22455r2020-09-18 00:00:00w2020-09-18yBK